000 00600 a2200205 4500
020 _a9971511479
040 _aDLC
_bDLC
082 0 0 _a621.3
100 1 _aRamo, Simon.
245 1 0 _aFields and waves in communication electronics
_cSimon Ramo, John R. Whinnery, Theodore Van Duzer.
250 _a3rd ed.
260 _aNew York :
_bWiley,
_cc1994.
300 _axix, 844 p. :
_bill. ;
_c24 cm.
650 0 _aElectromagnetic fields.
650 0 _aElectromagnetic waves.
650 0 _aTelecommunication.
700 1 _aWhinnery, John R.
700 1 _aVan Duzer, Theodore.
942 _cBK
_k621.3 RAM
_2ddc
999 _c4558
_d4558